[Event "65th Rtng Kimry chess Championship"]
[Site "Kimry"]
[Date "2012.01.03"]
[Round "3.1"]
[White "Milkin, Sergey"]
[Black "Dobrovolsky, Konstantin"]
[Result "0-1"]
[WhiteElo "2045"]
[BlackElo "2279"]
[PlyCount "94"]
[EventDate "2012.01.02"]

1. d4 d5 2. c4 dxc4 3. Nf3 Nf6 4. Nc3 c5 5. e3 e6 6. Bxc4 a6 7. a4 Nc6 8. O-O
Be7 9. dxc5 Qxd1 10. Rxd1 Bxc5 11. b3 Bb4 12. Bb2 O-O 13. Ne2 Na5 14. Ne5 b6
15. Bd4 Rb8 16. Nd3 Be7 17. Be5 Ra8 18. Bd4 Rb8 19. Be5 Ra8 20. Bd4 Nd7 21.
Rdc1 Bb7 22. b4 Nxc4 23. Rxc4 Bd6 24. Bb2 Rfd8 25. Rg4 e5 26. Ng3 Nf6 27. Rh4
Re8 28. f4 Nd7 29. Nf5 Bb8 30. Nf2 Nf8 31. Ng4 Ng6 32. Rh5 Bc8 33. fxe5 Be6 34.
Nf2 Bxf5 35. Rxf5 Bxe5 36. Bxe5 Nxe5 37. Rc1 f6 38. Rc7 Rac8 39. Rxc8 Rxc8 40.
h3 Rc1+ 41. Kh2 Ra1 42. Ng4 Rxa4 43. Nxe5 fxe5 44. b5 a5 45. Rxe5 Rb4 46. g4
Kf7 47. Kg3 a4 0-1

[Event "65th Rtng Kimry chess Championship"]
[Site "Kimry"]
[Date "2012.01.03"]
[Round "3.2"]
[White "Pospelov, Sergey"]
[Black "Volkov, Sergei"]
[Result "0-1"]
[WhiteElo "2019"]
[BlackElo "2259"]
[PlyCount "140"]
[EventDate "2012.01.02"]

1. e4 Nf6 2. e5 Nd5 3. d4 d6 4. c4 Nb6 5. exd6 cxd6 6. Nc3 g6 7. Be3 Bg7 8. Be2
O-O 9. Nf3 Nc6 10. Rc1 Bg4 11. b3 d5 12. c5 Nc8 13. Qd2 e6 14. h3 Bxf3 15. Bxf3
N8e7 16. Ne2 Nf5 17. Bg4 Nh4 18. Bg5 Bf6 19. Bxh4 Bxh4 20. O-O h5 21. g3 hxg4
22. gxh4 Qxh4 23. Qf4 Kg7 24. Qxg4 Rh8 25. Rc3 Qe7 26. Rd1 Rh4 27. Qg2 Rah8 28.
Re3 Qc7 29. a3 Ne7 30. Qh2 Qxh2+ 31. Kxh2 Nf5 32. Rc3 g5 33. Kg2 Kf6 34. b4 Re4
35. Rd2 g4 36. b5 Nh4+ 37. Kf1 Nf3 38. Rd1 Nh2+ 39. Kg2 Rxe2 40. Kxh2 Rxf2+ 41.
Kg1 Rf4 42. c6 bxc6 43. bxc6 gxh3 44. Rb1 Rc8 45. Rb4 a5 46. Ra4 Rc7 47. Kh2
Ke7 48. Kxh3 Kd6 49. Rxa5 Rxd4 50. Ra8 Rc4 51. Rf3 f5 52. Re3 d4 53. Re1 R7xc6
54. Kg3 Rc8 55. Ra6+ R4c6 56. Ra5 Rg8+ 57. Kf3 Rc3+ 58. Kf2 Rc6 59. Kf3 Rh8 60.
Kg2 Rc2+ 61. Kg3 Rc3+ 62. Kg2 Re3 63. Rxe3 dxe3 64. Kf3 Rh3+ 65. Ke2 f4 66. Ra4
e5 67. Ra8 e4 68. Ra4 Rh2+ 69. Kf1 f3 70. Kg1 f2+ 0-1

[Event "65th Rtng Kimry chess Championship"]
[Site "Kimry"]
[Date "2012.01.03"]
[Round "3.3"]
[White "Ustinov, Alexey"]
[Black "Kuryshkin, Anatoliy"]
[Result "1-0"]
[WhiteElo "2147"]
[BlackElo "2018"]
[PlyCount "77"]
[EventDate "2012.01.02"]

1. d4 Nf6 2. Nf3 d5 3. Bf4 Bg4 4. Nbd2 Nbd7 5. c3 Nh5 6. Bg3 Nxg3 7. hxg3 Nb6
8. Ne5 Be6 9. e3 f6 10. Ng6 Rg8 11. Rxh7 Kd7 12. Bd3 c6 13. Nf4 Bf7 14. Bg6 Qe8
15. Qg4+ e6 16. Nxe6 Kd6 17. Nxf8 Qxf8 18. O-O-O Bxg6 19. Qxg6 Qe8 20. Qg4 Qe6
21. Qf4+ Kd7 22. Rdh1 Rae8 23. g4 Kc8 24. Qf5 Qxf5 25. gxf5 Nc4 26. Nxc4 dxc4
27. Kd2 Kd7 28. f3 Kd6 29. g4 b5 30. e4 a5 31. Ke3 Rb8 32. f4 b4 33. e5+ Ke7
34. g5 fxg5 35. fxg5 bxc3 36. bxc3 Rb2 37. R1h6 Rg2 38. Re6+ Kd7 39. Rg6 1-0

[Event "65th Rtng Kimry chess Championship"]
[Site "Kimry"]
[Date "2012.01.03"]
[Round "3.4"]
[White "Rumjantsev, Juri"]
[Black "Sepp, Yuri"]
[Result "1-0"]
[WhiteElo "2133"]
[BlackElo "1970"]
[PlyCount "65"]
[EventDate "2012.01.02"]

1. e4 e5 2. Nf3 Nc6 3. Bb5 a6 4. Ba4 Nf6 5. O-O d6 6. Re1 Be7 7. c3 b5 8. Bb3
Na5 9. Bc2 c5 10. d4 Qc7 11. d5 Bg4 12. Nbd2 O-O 13. Nf1 Nc4 14. b3 Nb6 15. Ne3
Bh5 16. Nf5 Bd8 17. h3 a5 18. a4 bxa4 19. bxa4 Nc8 20. Kh2 Rb8 21. g4 Bg6 22.
Rg1 Kh8 23. Qe2 Bxf5 24. gxf5 Ng8 25. Bd3 f6 26. Nh4 Qf7 27. Ng6+ hxg6 28. fxg6
Qe7 29. Qh5+ Nh6 30. Bxh6 gxh6 31. Qxh6+ Kg8 32. g7 Kf7 33. Qh5+ 1-0

[Event "65th Rtng Kimry chess Championship"]
[Site "Kimry"]
[Date "2012.01.03"]
[Round "3.5"]
[White "Mironova, Natalia"]
[Black "Filatov, Roman A"]
[Result "1-0"]
[WhiteElo "1826"]
[BlackElo "2072"]
[PlyCount "87"]
[EventDate "2012.01.02"]

1. e4 Nf6 2. e5 Nd5 3. c4 Nb6 4. c5 Nd5 5. Nc3 Nxc3 6. dxc3 d6 7. Bc4 e6 8.
cxd6 cxd6 9. f4 Qc7 10. Qe2 Nc6 11. Nf3 dxe5 12. fxe5 Bc5 13. Bd3 a6 14. a4 a5
15. Bf4 h6 16. Nd2 Ne7 17. Nc4 Nd5 18. Bg3 O-O 19. Qe4 g6 20. h4 h5 21. Bh2 Bd7
22. Bg1 Bxg1 23. Rxg1 Qc5 24. Qd4 Qxd4 25. cxd4 Bc6 26. g3 Nb4 27. Kd2 Rfd8 28.
Nd6 f5 29. Bc4 Bd5 30. b3 Rd7 31. Rac1 Kf8 32. Ke3 Kg7 33. Bb5 Bc6 34. Rgd1 Kh6
35. Rc5 g5 36. Nxb7 Rxb7 37. Bxc6 Nxc6 38. Rxc6 Rxb3+ 39. Rd3 Rxd3+ 40. Kxd3
gxh4 41. gxh4 Re8 42. d5 Kg7 43. d6 Rd8 44. Rc7+ 1-0

[Event "65th Rtng Kimry chess Championship"]
[Site "Kimry"]
[Date "2012.01.03"]
[Round "3.6"]
[White "Pakhteev, Yury"]
[Black "Geshko., Aleksey"]
[Result "1-0"]
[WhiteElo "2269"]
[BlackElo "1867"]
[PlyCount "85"]
[EventDate "2012.01.02"]

1. Nf3 d5 2. d4 Nf6 3. c4 c6 4. Qc2 e6 5. Bg5 Bd6 6. Nc3 O-O 7. O-O-O Nbd7 8.
e4 dxe4 9. Nxe4 Be7 10. h4 Nxe4 11. Qxe4 Nf6 12. Bxf6 Bxf6 13. Bd3 g6 14. h5
Qe7 15. Ne5 Bxe5 16. dxe5 b6 17. Rh3 Bb7 18. hxg6 fxg6 19. Rdh1 c5 20. Qg4 Rf7
21. Qxg6+ Rg7 22. Rxh7 Rxg6 23. Rxe7 Bxg2 24. Rg1 Kf8 25. Rh7 Rg8 26. Rh6 Ke7
27. Bg6 Bf3 28. Rh7+ Kd8 29. Rg3 Be2 30. Bd3 Rxg3 31. fxg3 Bf3 32. Kd2 Bc6 33.
Ke3 Rc8 34. Kf4 Bd7 35. Rh8+ Kc7 36. Rxc8+ Kxc8 37. Kg5 Be8 38. g4 Kd8 39. Kf6
a6 40. g5 Kd7 41. Bg6 Bxg6 42. Kxg6 Ke7 43. Kh7 1-0

[Event "65th Rtng Kimry chess Championship"]
[Site "Kimry"]
[Date "2012.01.03"]
[Round "3.7"]
[White "Danilov, Alexander"]
[Black "Vdovin, Vadim"]
[Result "0-1"]
[WhiteElo "1759"]
[BlackElo "2141"]
[PlyCount "150"]
[EventDate "2012.01.02"]

1. c4 e6 2. Nc3 Nf6 3. g3 d5 4. e3 dxc4 5. Bxc4 c5 6. Nf3 a6 7. O-O b5 8. Bb3
Bb7 9. h3 Qc7 10. Qe2 Qc6 11. Bd1 Nbd7 12. d3 Nb6 13. Kh2 c4 14. Rg1 cxd3 15.
Qf1 Rd8 16. Nd4 Qd7 17. Bd2 Nc4 18. Nb3 Nxb2 19. Rb1 Nc4 20. f3 Bb4 21. Qe1
Nxd2 22. Qxd2 Nd5 23. Nd4 Bxc3 24. Qxd3 Bxd4 25. Qxd4 Nf6 26. Qb6 Qc6 27. Qa5
O-O 28. Rg2 Nd5 29. Rc2 Qd6 30. Qe1 Qe5 31. e4 Nc3 32. Rxc3 Rd7 33. Rbc1 Rfd8
34. Bb3 Rd2+ 35. Kh1 g6 36. Rc7 Qh5 37. Qf1 R8d3 38. R7c3 Rd7 39. Rc5 Qh6 40.
h4 Qe3 41. R5c3 Qd4 42. Qe1 a5 43. Qe3 Qxe3 44. Rxe3 a4 45. a3 axb3 46. Rxb3
Rd1+ 47. Rxd1 Rxd1+ 48. Kg2 Rd2+ 49. Kg1 Bc6 50. Rc3 Be8 51. f4 h5 52. e5 Rd4
53. Kf2 Rc4 54. Re3 Rc2+ 55. Ke1 Bc6 56. Kd1 Rf2 57. Rc3 Bd5 58. Kc1 Rf3 59.
Kd2 Kg7 60. Kc2 Rxc3+ 61. Kxc3 Bg2 62. Kb4 Bf1 63. Kc5 f6 64. Kd6 Kf7 65. Kd7
Bc4 66. Kd6 Be2 67. Kd7 Bd3 68. Kd6 Bc4 69. Kd7 fxe5 70. fxe5 g5 71. Kd6 Kg6
72. Kc5 gxh4 73. gxh4 Kf5 74. a4 bxa4 75. Kxc4 Kxe5 0-1

[Event "65th Rtng Kimry chess Championship"]
[Site "Kimry"]
[Date "2012.01.03"]
[Round "3.8"]
[White "Asrian, Armen"]
[Black "Terentieva, Alena"]
[Result "0-1"]
[WhiteElo "2097"]
[BlackElo "1869"]
[PlyCount "102"]
[EventDate "2012.01.02"]

1. e4 e5 2. Nf3 Nc6 3. Bb5 a6 4. Ba4 Nf6 5. O-O b5 6. Bb3 Be7 7. Re1 O-O 8. c3
d6 9. h3 Na5 10. Bc2 c5 11. d4 Qc7 12. Nbd2 cxd4 13. cxd4 Nc6 14. d5 Nb4 15.
Bb1 a5 16. Nf1 Bd7 17. Bd2 Na6 18. Ng3 Rfc8 19. Nf5 Bxf5 20. exf5 b4 21. Bg5
Nc5 22. Bc2 a4 23. Rc1 Qb7 24. Bxf6 Bxf6 25. Qd2 b3 26. axb3 axb3 27. Bb1 Ra4
28. Rc3 h6 29. Rce3 e4 30. Bxe4 Nxe4 31. Rxe4 Rxe4 32. Rxe4 Rc2 33. Qd3 Qa7 34.
Re3 Rxb2 35. Qb5 Rb1+ 36. Kh2 b2 37. Qe8+ Kh7 38. Qf8 Be5+ 39. Nxe5 Rh1+ 40.
Kxh1 b1=Q+ 41. Kh2 dxe5 42. Rg3 g6 43. fxg6+ fxg6 44. Rf3 Qbb7 45. d6 Qg7 46.
Qe8 Qad7 47. Qb8 e4 48. Rf8 h5 49. Re8 Qf5 50. Kg1 Qa1+ 51. Kh2 Qf4+ 0-1

[Event "65th Rtng Kimry chess Championship"]
[Site "Kimry"]
[Date "2012.01.03"]
[Round "3.9"]
[White "Nefedov, Dmitriy"]
[Black "Sherbakova, Elena"]
[Result "1/2-1/2"]
[WhiteElo "2089"]
[BlackElo "1864"]
[PlyCount "76"]
[EventDate "2012.01.02"]

1. Nf3 d6 2. g3 Nf6 3. Bg2 c6 4. O-O e5 5. d3 Be7 6. c4 O-O 7. Nc3 Nbd7 8. Rb1
a5 9. a3 Re8 10. b4 Nb6 11. h3 axb4 12. axb4 Qc7 13. b5 Bd7 14. Qb3 c5 15. Ne1
Qc8 16. Kh2 h6 17. Nc2 Bf8 18. Bd2 Be6 19. e4 Nh7 20. Ne3 g6 21. f4 exf4 22.
gxf4 f5 23. exf5 Bxf5 24. Nxf5 gxf5 25. Rbe1 Qc7 26. Qd1 Nf6 27. Qf3 d5 28.
Rxe8 Rxe8 29. cxd5 Qd6 30. Re1 Rxe1 31. Bxe1 Kh7 32. Bf2 Bg7 33. Kh1 Nc8 34.
Bh4 Ne7 35. Bf2 Ng6 36. Ne2 b6 37. Nc3 Nd7 38. Ne2 Nf6 1/2-1/2

[Event "65th Rtng Kimry chess Championship"]
[Site "Kimry"]
[Date "2012.01.03"]
[Round "3.10"]
[White "Pavlova, Kseniia"]
[Black "Tikhonova, Mariya"]
[Result "1-0"]
[WhiteElo "1971"]
[BlackElo "1779"]
[PlyCount "57"]
[EventDate "2012.01.02"]

1. e4 e6 2. d3 d5 3. Nd2 c5 4. g3 Bd6 5. Bg2 Ne7 6. Ne2 O-O 7. O-O Nbc6 8. Nc3
d4 9. Ne2 e5 10. f4 f6 11. f5 b5 12. a4 Qa5 13. g4 Bd7 14. g5 a6 15. Ng3 Be8
16. Nh5 Bxh5 17. Qxh5 Nb4 18. Nb3 Qd8 19. g6 hxg6 20. fxg6 Nxg6 21. Qxg6 Nxc2
22. Bh6 Qe7 23. Rac1 Nb4 24. Bh3 Kh8 25. Bf5 gxh6 26. Qxh6+ Kg8 27. Rf3 Rf7 28.
Rg3+ Rg7 29. Be6+ 1-0

[Event "65th Rtng Kimry chess Championship"]
[Site "Kimry"]
[Date "2012.01.03"]
[Round "3.13"]
[White "Kobozeva, Viktoria"]
[Black "Redikultsev, Boris"]
[Result "1-0"]
[WhiteElo "1851"]
[BlackElo "2060"]
[PlyCount "95"]
[EventDate "2012.01.02"]

1. e4 e5 2. Nf3 Nf6 3. Nxe5 d6 4. Nf3 Nxe4 5. d4 d5 6. Bd3 Be7 7. O-O O-O 8. h3
Nc6 9. c4 Nb4 10. Be2 dxc4 11. Bxc4 Nd5 12. Re1 Nef6 13. Nc3 Nxc3 14. bxc3 b6
15. Qb3 Bb7 16. Ne5 Nd5 17. a4 f6 18. Nd3 Kh8 19. a5 Bd6 20. Bd2 Ne7 21. Nf4
Bxf4 22. Bxf4 Ng6 23. Bg3 f5 24. Be5 Nh4 25. d5 Qg5 26. Bg3 f4 27. Bxh4 Qxh4
28. Bf1 Rf5 29. c4 Raf8 30. Qf3 h6 31. axb6 cxb6 32. Rxa7 R5f7 33. Raa1 Qd8 34.
Rab1 Rf6 35. Qa3 f3 36. g3 Rg6 37. Kh2 Rgf6 38. Re3 Qc7 39. Rbb3 Qf7 40. Re7
Qg6 41. Rxb7 Qc2 42. Kg1 Re8 43. Rxf3 Qg6 44. Rxf6 Qxf6 45. Qb4 Qa1 46. Rxb6
Re1 47. Qf8+ Kh7 48. Qf5+ 1-0

[Event "65th Rtng Kimry chess Championship"]
[Site "Kimry"]
[Date "2012.01.03"]
[Round "3.14"]
[White "Komarova, Tatiana"]
[Black "Doronine, Vladimir"]
[Result "1-0"]
[WhiteElo "1798"]
[BlackElo "1798"]
[PlyCount "125"]
[EventDate "2012.01.02"]

1. e4 d6 2. d4 Nf6 3. Nc3 g6 4. Bc4 Bg7 5. Nge2 O-O 6. O-O c5 7. Be3 cxd4 8.
Nxd4 Nc6 9. h3 Bd7 10. f4 Rc8 11. Bb3 Na5 12. Qf3 Nc4 13. Bxc4 Rxc4 14. Rad1 a6
15. f5 b5 16. g4 e5 17. Nde2 b4 18. b3 Rc6 19. Nd5 Nxd5 20. Rxd5 Qc7 21. f6 Bh8
22. h4 Be6 23. Rd2 Qd7 24. g5 Rfc8 25. Rc1 Bg4 26. Qg2 Bh3 27. Qg3 Qg4 28. Qxg4
Bxg4 29. Kf2 h5 30. c4 bxc3 31. Rdc2 Kf8 32. Rxc3 Rxc3 33. Rxc3 Rxc3 34. Nxc3
Ke8 35. Nd5 Kd7 36. Ba7 Kc6 37. Ke3 Be6 38. Nb4+ Kb7 39. Nxa6 Kxa7 40. Nc7 Bd7
41. Nd5 Ka6 42. a4 Bc8 43. Kd3 Kb7 44. Kc4 Be6 45. Kb5 Bxf6 46. Nxf6 Bxb3 47.
Ne8 d5 48. Nd6+ Kb8 49. Nxf7 dxe4 50. Nxe5 e3 51. Kb4 Bd5 52. Kc3 Be4 53. Nc4
e2 54. Kd2 e1=Q+ 55. Kxe1 Kc7 56. Kd2 Kc6 57. Ke3 Kd5 58. Kf4 Kd4 59. a5 Bd5
60. Ne5 Kc5 61. Nxg6 Kb5 62. Ke5 Bb3 63. Nf4 1-0

[Event "65th Rtng Kimry chess Championship"]
[Site "Kimry"]
[Date "2012.01.03"]
[Round "3.15"]
[White "Fedoruk, Nikolay"]
[Black "Khmurina, Anastasia"]
[Result "1-0"]
[WhiteElo "1813"]
[BlackElo "1253"]
[PlyCount "45"]
[EventDate "2012.01.02"]

1. e4 e5 2. Nc3 Nf6 3. Bc4 Nc6 4. d3 Bc5 5. Be3 Bb4 6. Nge2 d6 7. O-O Bg4 8. h3
Bxe2 9. Qxe2 Na5 10. Bb3 Nxb3 11. axb3 d5 12. Bg5 d4 13. Bxf6 gxf6 14. Nd5 c6
15. Nxb4 Qe7 16. c3 f5 17. exf5 Qg5 18. Qxe5+ Kd7 19. Qxd4+ Kc7 20. Rxa7 Rad8
21. Qe5+ Kd7 22. Rxb7+ Kc8 23. Qc7# 1-0

[Event "65th Rtng Kimry chess Championship"]
[Site "Kimry"]
[Date "2012.01.04"]
[Round "4.1"]
[White "Dobrovolsky, Konstantin"]
[Black "Volkov, Sergei"]
[Result "1-0"]
[WhiteElo "2279"]
[BlackElo "2259"]
[PlyCount "93"]
[EventDate "2012.01.02"]

1. d4 Nf6 2. Nf3 c5 3. d5 e6 4. c4 exd5 5. cxd5 d6 6. Nc3 g6 7. Bf4 Bg7 8. Qa4+
Bd7 9. Qb3 Qc7 10. e4 O-O 11. Be2 Re8 12. Nd2 Na6 13. O-O Re7 14. h3 Rf8 15.
Nc4 Ne8 16. e5 Rxe5 17. Bxe5 dxe5 18. Rad1 Kh8 19. d6 Qc8 20. Na5 b6 21. Nd5
Nb4 22. Nxb4 cxb4 23. Nc4 Qc5 24. Ne3 a5 25. Rc1 Qxd6 26. Rfd1 Qe7 27. Nd5 Qg5
28. Nxb6 Be6 29. Bc4 Bxc4 30. Rxc4 Nf6 31. Rc8 Kg8 32. Rdc1 Qf5 33. g4 Qf4 34.
Qe3 Qxe3 35. fxe3 h5 36. g5 Ne4 37. Nd7 Rxc8 38. Rxc8+ Kh7 39. h4 Ng3 40. Nf8+
Bxf8 41. Rxf8 Kg7 42. Ra8 Nf5 43. e4 Nxh4 44. Kf2 f6 45. Ra7+ Kf8 46. gxf6 g5
47. Kg3 1-0

[Event "65th Rtng Kimry chess Championship"]
[Site "Kimry"]
[Date "2012.01.04"]
[Round "4.2"]
[White "Rumjantsev, Juri"]
[Black "Ustinov, Alexey"]
[Result "1-0"]
[WhiteElo "2133"]
[BlackElo "2147"]
[PlyCount "103"]
[EventDate "2012.01.02"]

1. d4 Nf6 2. Nf3 e6 3. c4 c5 4. d5 b5 5. Nc3 Bb7 6. dxe6 fxe6 7. Nxb5 d5 8. Ng5
Na6 9. Nxe6 Qe7 10. Qa4 Kf7 11. Ng5+ Kg8 12. cxd5 h6 13. Nf3 Nxd5 14. e3 Nb6
15. Bc4+ Kh7 16. Qc2+ g6 17. Bd3 Qf6 18. a3 c4 19. Be4 Bxe4 20. Qxe4 Nc5 21.
Qc2 Nd3+ 22. Kf1 Bg7 23. Nbd4 Rhc8 24. h4 Rab8 25. h5 Nd5 26. Rb1 Qa6 27. hxg6+
Qxg6 28. Bd2 c3 29. bxc3 Rxb1+ 30. Qxb1 Nxc3 31. Qb7 Rc5 32. Nh4 Qh5 33. Qf3
Qxf3 34. Nhxf3 Nd1 35. Ke2 N1xf2 36. Rf1 Bxd4 37. Nxd4 Kg6 38. Rxf2 Nxf2 39.
Kxf2 Kf6 40. Kf3 Ke5 41. g4 Rc8 42. Ne2 Rf8+ 43. Nf4 Rg8 44. Bc3+ Kd6 45. e4
Rc8 46. Bg7 Rc7 47. e5+ Kd7 48. e6+ Ke8 49. Bf6 Rc6 50. Ke4 Ra6 51. Kf5 Rxa3
52. Nh5 1-0

[Event "65th Rtng Kimry chess Championship"]
[Site "Kimry"]
[Date "2012.01.04"]
[Round "4.3"]
[White "Pakhteev, Yury"]
[Black "Mironova, Natalia"]
[Result "1/2-1/2"]
[WhiteElo "2269"]
[BlackElo "1826"]
[PlyCount "43"]
[EventDate "2012.01.02"]

1. Nf3 d5 2. d4 g6 3. c4 c6 4. e3 Bg7 5. Nc3 Nf6 6. Bd3 Nbd7 7. a4 O-O 8. a5
Re8 9. Qb3 e5 10. Nxe5 Nxe5 11. dxe5 Rxe5 12. cxd5 cxd5 13. Ne2 Ne4 14. Bd2 Nc5
15. Qc2 Nxd3+ 16. Qxd3 Bf5 17. Qb3 d4 18. O-O dxe3 19. Bxe3 Rxa5 20. Rxa5 Qxa5
21. Qxb7 Re8 22. Nc3 1/2-1/2

[Event "65th Rtng Kimry chess Championship"]
[Site "Kimry"]
[Date "2012.01.04"]
[Round "4.5"]
[White "Golubeva, Maria"]
[Black "Milkin, Sergey"]
[Result "1/2-1/2"]
[WhiteElo "1889"]
[BlackElo "2045"]
[PlyCount "65"]
[EventDate "2012.01.02"]

1. d4 d5 2. c4 c6 3. Nc3 Nf6 4. e3 a6 5. Nf3 Bf5 6. Bd3 Bxd3 7. Qxd3 e6 8. O-O
Nbd7 9. e4 dxe4 10. Nxe4 Nxe4 11. Qxe4 Be7 12. Bf4 O-O 13. Rfd1 Nf6 14. Qe2 Nh5
15. Be3 Bf6 16. Ne5 g6 17. Qf3 Bg5 18. d5 exd5 19. cxd5 Bxe3 20. dxc6 Bxf2+ 21.
Qxf2 Qe7 22. cxb7 Qxb7 23. Rd7 Qb4 24. Nxf7 Qf4 25. Qxf4 Nxf4 26. Nh6+ Kh8 27.
g3 Ne2+ 28. Kg2 Rac8 29. Rad1 Rc2 30. R1d2 Rfc8 31. Nf7+ Kg8 32. Ng5 Nc1 33. a3
1/2-1/2

[Event "65th Rtng Kimry chess Championship"]
[Site "Kimry"]
[Date "2012.01.04"]
[Round "4.6"]
[White "Terentieva, Alena"]
[Black "Pospelov, Sergey"]
[Result "0-1"]
[WhiteElo "1869"]
[BlackElo "2019"]
[PlyCount "112"]
[EventDate "2012.01.02"]

1. e4 c5 2. c3 d5 3. exd5 Qxd5 4. Nf3 Nc6 5. d4 cxd4 6. cxd4 Bg4 7. Nc3 Qd8 8.
d5 Nb8 9. Qb3 Nd7 10. Ng5 h6 11. Ne6 fxe6 12. dxe6 Bxe6 13. Qxe6 Qb6 14. Qxb6
Nxb6 15. Be3 Nf6 16. Bd3 Kd7 17. O-O e6 18. Ne4 Nbd5 19. Nxf6+ gxf6 20. Rac1
Bd6 21. Bc5 Be5 22. Ba3 Rac8 23. g3 a6 24. Be4 b5 25. Bxd5 exd5 26. Rfd1 a5 27.
b4 Rxc1 28. Rxc1 Bd6 29. Rc6 Ke7 30. Rb6 axb4 31. Bc1 h5 32. Rxb5 Rc8 33. Bd2
Rc4 34. Rxd5 Rc2 35. Rd4 Rb2 36. Be1 Ke6 37. h4 Bc5 38. Re4+ Kd6 39. Rf4 Bd4
40. Bxb4+ Rxb4 41. Kg2 Ra4 42. g4 hxg4 43. Rxg4 Rxa2 44. Rf4 Ke5 45. Rf3 Rc2
46. h5 f5 47. h6 Ke4 48. h7 Rc3 49. Rxc3 Bxc3 50. Kg3 Bf6 51. f3+ Ke3 52. Kg2
f4 53. Kg1 Kxf3 54. Kf1 Ke3 55. Ke1 f3 56. Kf1 f2 0-1

[Event "65th Rtng Kimry chess Championship"]
[Site "Kimry"]
[Date "2012.01.04"]
[Round "4.7"]
[White "Kuryshkin, Anatoliy"]
[Black "Kobozeva, Viktoria"]
[Result "0-1"]
[WhiteElo "2018"]
[BlackElo "1851"]
[PlyCount "70"]
[EventDate "2012.01.02"]

1. e4 c6 2. d4 d5 3. Nd2 dxe4 4. Nxe4 Bf5 5. Nc5 b6 6. Nb3 Nf6 7. Nf3 Nbd7 8.
g3 e6 9. Bg2 Qc7 10. Qe2 Bd6 11. O-O O-O 12. Re1 Rac8 13. Ne5 c5 14. Nc4 cxd4
15. Nxd6 Qxd6 16. Bf4 Qb4 17. Bd2 Qa4 18. c3 d3 19. Qf3 Nc5 20. Nd4 Be4 21. Qf4
Nd5 22. Qh4 Bxg2 23. Kxg2 a5 24. Re5 Nd7 25. Rxd5 exd5 26. b3 Qa3 27. Bc1 Qc5
28. Bb2 Rfe8 29. Rd1 Re4 30. Qh3 Ne5 31. f4 Rxd4 32. c4 Re4 33. Bxe5 Re2+ 34.
Kh1 dxc4 35. bxc4 Qxc4 0-1

[Event "65th Rtng Kimry chess Championship"]
[Site "Kimry"]
[Date "2012.01.04"]
[Round "4.9"]
[White "Sepp, Yuri"]
[Black "Nefedov, Dmitriy"]
[Result "1-0"]
[WhiteElo "1970"]
[BlackElo "2089"]
[PlyCount "77"]
[EventDate "2012.01.02"]

1. e4 c5 2. Nf3 Nc6 3. d4 cxd4 4. Nxd4 d6 5. c4 Nf6 6. Nc3 e6 7. Be2 Be7 8. Be3
a6 9. O-O Qc7 10. Rc1 O-O 11. f3 Qb8 12. a3 Re8 13. Qd2 Bf8 14. Rfd1 Nd7 15. b4
Qc7 16. f4 Nxd4 17. Bxd4 b6 18. Bf2 Rb8 19. a4 g6 20. Qa2 Bb7 21. Qb1 Red8 22.
Rd3 Rbc8 23. Rh3 Bg7 24. Bh4 Re8 25. g4 d5 26. cxd5 Qxf4 27. Rf1 Qe5 28. Be1
exd5 29. exd5 Bxd5 30. Bxa6 Bc4 31. Bxc8 Bxf1 32. Bxd7 Bxh3 33. Bxe8 Qe3+ 34.
Bf2 Qf3 35. Qe4 Qxc3 36. Bb5 Bf8 37. Bxb6 Bxb4 38. Bd4 Qc8 39. Be2 1-0

[Event "65th Rtng Kimry chess Championship"]
[Site "Kimry"]
[Date "2012.01.04"]
[Round "4.10"]
[White "Sherbakova, Elena"]
[Black "Komarova, Tatiana"]
[Result "1/2-1/2"]
[WhiteElo "1864"]
[BlackElo "1798"]
[PlyCount "56"]
[EventDate "2012.01.02"]

1. e4 e5 2. Nf3 d6 3. Bc4 Be7 4. d4 exd4 5. Nxd4 Nf6 6. Nc3 O-O 7. f3 Nbd7 8.
O-O c6 9. a4 Ne5 10. Bb3 Qb6 11. Kh1 Ned7 12. Nf5 Re8 13. Nxe7+ Rxe7 14. Qxd6
Re8 15. a5 Qc5 16. Bf4 Nh5 17. Qxc5 Nxc5 18. Bd6 Nxb3 19. cxb3 Be6 20. b4 Red8
21. e5 Bc4 22. Rf2 Nf4 23. Rd1 Nd5 24. Nxd5 cxd5 25. f4 b6 26. h3 bxa5 27. bxa5
a6 28. b4 Rac8 1/2-1/2

[Event "65th Rtng Kimry chess Championship"]
[Site "Kimry"]
[Date "2012.01.04"]
[Round "4.11"]
[White "Tikhonova, Mariya"]
[Black "Sharkova, Vera"]
[Result "1/2-1/2"]
[WhiteElo "1779"]
[BlackElo "1902"]
[PlyCount "73"]
[EventDate "2012.01.02"]

1. d4 Nf6 2. Nf3 g6 3. Bf4 Bg7 4. e3 d6 5. h3 Nbd7 6. Be2 O-O 7. O-O c5 8. c3
b6 9. Nbd2 Bb7 10. Bh2 Ne4 11. Nxe4 Bxe4 12. Nd2 Bb7 13. Bf3 Qc7 14. Bxb7 Qxb7
15. Qf3 Qc7 16. Ne4 Rae8 17. Rfd1 h6 18. Qe2 Kh7 19. Qd3 f5 20. Nd2 e5 21. Nc4
b5 22. Na3 b4 23. cxb4 cxb4 24. Rac1 Qb7 25. Nc4 Re6 26. dxe5 Nxe5 27. Qb3 Nxc4
28. Rxc4 a5 29. Rxd6 Rxd6 30. Bxd6 Rd8 31. Rc7 Qe4 32. Qf7 Qb1+ 33. Kh2 Qxb2
34. Qe7 Rxd6 35. Qxd6 Qxa2 36. Qe5 Qg8 37. Qxa5 1/2-1/2

[Event "65th Rtng Kimry chess Championship"]
[Site "Kimry"]
[Date "2012.01.04"]
[Round "4.12"]
[White "Geshko., Aleksey"]
[Black "Danilov, Alexander"]
[Result "0-1"]
[WhiteElo "1867"]
[BlackElo "1759"]
[PlyCount "88"]
[EventDate "2012.01.02"]

1. e4 Nh6 2. d4 g6 3. Nf3 Bg7 4. Nc3 f6 5. Bc4 e6 6. O-O O-O 7. d5 a6 8. dxe6
dxe6 9. Bxh6 Bxh6 10. Nd4 Qe7 11. Qe2 b5 12. Bb3 c5 13. Nf3 c4 14. Bxc4 bxc4
15. Qxc4 Bb7 16. Nd4 Re8 17. f4 Nd7 18. Nb3 Rac8 19. Qe2 Bg7 20. Rae1 Kf7 21.
Qf2 Nc5 22. Qh4 Nxb3 23. cxb3 Red8 24. f5 Qc5+ 25. Kh1 Qc6 26. fxe6+ Qxe6 27.
e5 f5 28. Ne4 Bxe4 29. Qxe4 Kg8 30. Qf3 Rd5 31. Rc1 Rxe5 32. Rxc8+ Qxc8 33. Rd1
Re4 34. Qf2 Qe8 35. Qd2 Bxb2 36. h3 Bf6 37. Qd5+ Re6 38. Re1 Kf7 39. a4 Qc6 40.
Qd1 Rd6 41. Qe2 Re6 42. Qd1 Bc3 43. Re2 Rxe2 44. Qxe2 Qe4 0-1

[Event "65th Rtng Kimry chess Championship"]
[Site "Kimry"]
[Date "2012.01.04"]
[Round "4.14"]
[White "Doronine, Vladimir"]
[Black "Voropaev, Pavel"]
[Result "1-0"]
[WhiteElo "1798"]
[BlackElo "1303"]
[PlyCount "85"]
[EventDate "2012.01.02"]

1. e4 e5 2. Nf3 Nc6 3. c4 Nf6 4. Nc3 Bc5 5. h3 d6 6. a3 a6 7. b4 Bd4 8. Bb2 b5
9. Nxd4 Nxd4 10. cxb5 axb5 11. Nxb5 Nxb5 12. Bxb5+ Bd7 13. Bxd7+ Qxd7 14. Rc1
Nxe4 15. Qf3 d5 16. Bxe5 c6 17. Qe3 f6 18. Bb2 O-O 19. O-O h6 20. d3 Nd6 21.
Rc2 Rfe8 22. Qb6 Rec8 23. Rfc1 Qf5 24. Rxc6 Rab8 25. Rxc8+ Rxc8 26. Qxd6 Rxc1+
27. Bxc1 Qxd3 28. Qf4 Qb1 29. Kh2 Kh7 30. a4 Qa2 31. a5 Qa4 32. Bd2 Kg6 33. Qd4
Qb5 34. Qc5 Qa6 35. b5 Qa8 36. Qc6 Qb8+ 37. f4 Kf5 38. b6 g5 39. Qxd5+ Kg6 40.
Qe4+ f5 41. Qe6+ Kh5 42. Qf7+ Kh4 43. g3# 1-0

[Event "65th Rtng Kimry chess Championship"]
[Site "Kimry"]
[Date "2012.01.04"]
[Round "4.15"]
[White "Redikultsev, Boris"]
[Black "Khmurina, Anastasia"]
[Result "1-0"]
[WhiteElo "2060"]
[BlackElo "1253"]
[PlyCount "77"]
[EventDate "2012.01.02"]

1. e4 e5 2. Nf3 Nc6 3. Bb5 d5 4. Nxe5 Qd6 5. Nxc6 bxc6 6. Ba4 dxe4 7. Qe2 Nf6
8. Nc3 Qb4 9. Bxc6+ Bd7 10. Bxa8 Bg4 11. f3 Bh5 12. Bxe4 Nxe4 13. Qxe4+ Qxe4+
14. Nxe4 Be7 15. d3 O-O 16. Be3 Re8 17. O-O-O f5 18. Ng3 f4 19. Bxf4 Bg6 20.
Rhe1 h6 21. Re2 Bh7 22. Rde1 g5 23. Bxc7 g4 24. f4 Kf8 25. Rxe7 Rxe7 26. Bd6
Kg8 27. Rxe7 Kh8 28. Be5+ Kg8 29. Rg7+ Kf8 30. Rxh7 Kg8 31. Rg7+ Kf8 32. Nf1 a5
33. Nd2 h5 34. Nc4 a4 35. Bf6 h4 36. Ne5 a3 37. Rh7 axb2+ 38. Kd2 Kg8 39. Rh8#
1-0